University support to environmental planning and management (USEPAM)
Spremljeno u:
| Format: | Knjiga |
|---|---|
| Jezik: | Undetermined |
| Izdano: |
Hà Nội
[Hà Nội]
2004
|
| Teme: | |
| Oznake: |
Dodaj oznaku
Bez oznaka, Budi prvi tko označuje ovaj zapis!
|
| Thư viện lưu trữ: | Trung tâm Học liệu Trường Đại học Cần Thơ |
|---|
| LEADER | 00534nam a2200169Ia 4500 | ||
|---|---|---|---|
| 001 | CTU_142094 | ||
| 008 | 210402s9999 xx 000 0 und d | ||
| 082 | |a 363.7 | ||
| 082 | |b U58 | ||
| 245 | 0 | |a University support to environmental planning and management (USEPAM) | |
| 245 | 0 | |c Edited by Stephen J.Leisz | |
| 260 | |a Hà Nội | ||
| 260 | |b [Hà Nội] | ||
| 260 | |c 2004 | ||
| 650 | |a Environmental protection,Bảo vệ môi trường | ||
| 904 | |i Tuyến | ||
| 980 | |a Trung tâm Học liệu Trường Đại học Cần Thơ | ||